| 000 | 01124cam a2200277 4500 | ||
|---|---|---|---|
| 001 | thisispainteddes00wago | ||
| 003 | CaSfIA | ||
| 005 | 20210119102527.0 | ||
| 007 | cr|||| | ||
| 008 | 711027s1971 azua 000 0 eng | ||
| 010 | _a 76157463 | ||
| 040 |
_aDLC _cDLC _dBTCTA _dCaSfIA |
||
| 035 | _a(OCoLC)199971 | ||
| 043 | _an-us-az | ||
| 050 | 0 | 0 |
_aF817.P2 _bW3 |
| 082 | 0 | 0 | _a917.91/33 |
| 100 | 1 | _aWagoner, John J. | |
| 245 | 1 | 0 |
_aThis is painted desert, _h[electronic resource] _cby John J. Wagoner. |
| 260 |
_aHolbrook, Ariz., _bPetrified Forest Museum Association _c[1971] |
||
| 300 |
_a[32] p. _bcol. illus. _c31 cm. |
||
| 651 | 0 | _aPainted Desert (Ariz.) | |
| 856 | 4 | 1 |
_uhttp://www.archive.org/details/thisispainteddes00wago _zFree eBook from the Internet Archive |
| 942 | _cEB | ||
| 506 | _fНеобхідна авторизація на https://archive.org/ (створення облікового запису безкоштовно) | ||
| 506 | _fНеобхідна авторизація на https://openlibrary.org/ (створення облікового запису безкоштовно) | ||
| 999 |
_c556981 _d556981 |
||